| 000 | 00566nam a22001817u 4500 | ||
|---|---|---|---|
| 008 | 130405s1986 xxu||||| |||| 00| 0 spa d | ||
| 041 | _aspa | ||
| 100 | 1 |
_aPesch, Otto Hermann _910234 |
|
| 245 | 0 | 0 |
_aFe cristiana y sociedad moderna 13 _cOtto Hermann Pesch, Francisco Alvarez Bolado, Antonio Beristain |
| 260 |
_aMadrid: _bSM, _c1986 |
||
| 300 |
_a288 p. _c;21 cm. |
||
| 500 | _aLey y gracia. Paz. Castigo y perdón. | ||
| 650 | 0 | 4 |
_aDogma _913557 |
| 700 | 1 |
_aAlvarez Bolado, Francisco _943217 |
|
| 700 | 1 |
_aBeristain, Antonio _93873 |
|
| 942 | _cBK | ||
| 001 | 44200 | ||
| 999 |
_c284254 _d284254 |
||